Southville International School and Colleges
Your cart is empty.
  • Cart
  • Lists
    Public lists Eva Luna New books Lux_list list_1
    Your lists Log in to create your own lists
  • Log in to your account
  • Your cookies
  • Search history
Southville International School and Colleges
  • Advanced search
  • Recent comments
  • Most popular
  • Libraries

Log in to your account

Log in with GOOGLE


If you do not have an external account, but do have a local account, you can still log in:

  1. Home
  2. MARC view: Science fusion :
Normal view MARC view ISBD view

Science fusion : (Record no. 295943)

[ view plain ]
MARC details
000 -LEADER
fixed length control field 00522nam a22001697a 4500
003 - CONTROL NUMBER IDENTIFIER
control field SISC
005 - DATE AND TIME OF LATEST TRANSACTION
control field 20160616104217.0
008 - FIXED-LENGTH DATA ELEMENTS--GENERAL INFORMATION
fixed length control field 160611b xxu||||| |||| 00| 0 eng d
020 ## - INTERNATIONAL STANDARD BOOK NUMBER
International Standard Book Number 9780547589350
050 ## - LIBRARY OF CONGRESS CALL NUMBER
Classification number QC 863 D612 2012
Item number 20201
245 ## - TITLE STATEMENT
Title Science fusion :
Remainder of title earth's water and atmosphere
Statement of responsibility, etc Michael Dispezio et al.
260 ## - PUBLICATION, DISTRIBUTION, ETC. (IMPRINT)
Place of publication, distribution, etc Orlando, FL :
Name of publisher, distributor, etc Houghton Mifflin Harcourt Publishing,
Date of publication, distribution, etc c2012
300 ## - PHYSICAL DESCRIPTION
Extent ix, 262 p. :
Other physical details col. ill. ;
Dimensions 28 cm.
650 ## - SUBJECT ADDED ENTRY--TOPICAL TERM
Topical term or geographic name as entry element Hydrology
650 ## - SUBJECT ADDED ENTRY--TOPICAL TERM
Topical term or geographic name as entry element Atmosphere
942 ## - ADDED ENTRY ELEMENTS (KOHA)
Source of classification or shelving scheme Library of Congress Classification
Koha item type Books
Holdings
Withdrawn status Lost status Source of classification or shelving scheme Damaged status Home library Current library Shelving location Date acquired Source of acquisition Total Checkouts Full call number Barcode Date last seen Price effective from Koha item type
    Library of Congress Classification   Luxembourg Library Luxembourg Library High School Section 06/11/2016 Library Fund   QC 863 D612 2012 20201 06/11/2016 06/11/2016 Books

Science fusion :

APA

(2012). Science fusion. Orlando, FL: Houghton Mifflin Harcourt Publishing.

Chicago

2012. Science fusion. Orlando, FL: Houghton Mifflin Harcourt Publishing.

Harvard

(2012). Science fusion. Orlando, FL: Houghton Mifflin Harcourt Publishing.

MLA

Science fusion. Orlando, FL: Houghton Mifflin Harcourt Publishing. 2012.

  • Place hold
  • Print
  • Cite
  • Add to your cart (remove)
  • Save record
    BIBTEX Dublin Core MARCXML MARC (non-Unicode/MARC-8) MARC (Unicode/UTF-8) MARC (Unicode/UTF-8, Standard) MODS (XML) RIS
  • More searches
    Search for this title in:
    Other Libraries (WorldCat) Other Databases (Google Scholar) Online Stores (Bookfinder.com) Open Library (openlibrary.org)

Exporting to Dublin Core...

SOUTHVILLE LIBRARY

Southville International School and Colleges Library

1281 Tropical Ave. Cor. Luxembourg St., BF Homes International, Las Pinas City

Tel. No. 8256374 / 252358 Loc. 117/146

Powered by Koha